• 首页
  • 本馆介绍
  • 公告通知
  • 最新文献
  • 馆藏检索
  • 电子资源
  • 读者导购
  • 参考咨询
  • 我的图书馆
  • 登录
  • 详细信息显示
  • 放入我的书架
  • 预约/预借图书
  • 作者相关作品
  • 分类相关作品
  • 丛书相关作品
  • 出版社相关作品

书目信息

  • 表格格式
  • 工作单格式
  • 卡片格式
题名:
辞源
    
 
作者: ;商务印书馆编辑部 编
分册: 第三册  
出版信息: 上海   商务印书馆  1981.12
页数: 1707-2610页
开本: 26cm
丛书名:
单 册:
中图分类: Z3
科图分类:
主题词: 词典
电子资源:
ISBN:
000 00569nam0 2200193 45
001 0181015123
005 20070726104846.57
010    @b精装@dCNY8.30
100    @a20810111d km y0chiy0120 ea
101 0  @achi
200 1  @a辞源@Aci yuan@h第三册@f商务印书馆编辑部等编@Fshang wu yin shu guan bian ji bu deng bian
205    @a修订本
210    @a上海@c商务印书馆@d1981.12
215    @a1707-2610页@d26cm
606 0  @a词典
690    @aZ3
711  0 @a商务印书馆编辑部@Ashang wu yin shu guan bian ji bu@4编
801    @aCN@bTSTC@c20070726
905    @dZ3@e1:3@f5@b101256-60
    
    辞源.第三册/商务印书馆编辑部等编.-修订本.-上海:商务印书馆,1981.12
    1707-2610页;26cm
    
    
    ISBN (精装):CNY8.30
    
●
相关链接 在E读中查询图书 在五车中查询图书 在当当中查询图书 在豆瓣中查询图书


正题名:辞源     索取号:Z3/1:3         预约/预借

序号 登录号 条形码 馆藏地/架位号 状态 备注
1 0064459   001553517   密集书库/ [索取号:Z3/1:3] 在馆    
2 0064460   001553526   第二样本阅览室/ [索取号:Z3/1:3] 在馆    
3 0101256   001553508   密集书库/ [索取号:Z3/1:3] 在馆    
4 0101257   001553492   密集书库/ [索取号:Z3/1:3] 在馆    
5 0101258   001553465   密集书库/ [索取号:Z3/1:3] 在馆    
6 0101259   001553456   工具书阅览室/ [索取号:Z3/1:3] 在馆    
7 0150126   001553474   密集书库/ [索取号:Z3/1:3] 在馆    
8 0420873   204208730   密集书库/ [索取号:Z3/1:3] 在馆    
9 0785421   207854213   密集书库/ [索取号:Z3/1:3] 在馆    
唐山师范学院图书馆 欢迎您!
大连网信软件有限公司© 版权所有